书目信息 |
| 题名: |
海德格尔
|
|
| 作者: | 英伍德 著 ;刘华文 译 | |
| 分册: | ||
| 出版信息: | 南京 译林出版社 2013 |
|
| 页数: | 159,141页 | |
| 开本: | 22cm | |
| 丛书名: | ||
| 单 册: | ||
| 中图分类: | B516.54 | |
| 科图分类: | ||
| 主题词: | ||
| 电子资源: | ||
| ISBN: | 978-7-5447-2978-9 | |
| 000 | 01069nam0 22002771 450 | |
| 001 | 0124140123 | |
| 005 | 20170324140123.0 | |
| 010 | @a978-7-5447-2978-9@dCNY25.00 | |
| 100 | @a20130520d2013 em y0chiy50 ea | |
| 101 | 2 | @achi@aeng@ceng |
| 102 | @aCN@b320000 | |
| 105 | @aa z 001yy | |
| 106 | @ar | |
| 200 | 1 | @a海德格尔@9hai de ge er@f(英)迈克尔·英伍德著@g刘华文译 |
| 210 | @a南京@c译林出版社@d2013 | |
| 215 | @a159,141页@c图@d22cm | |
| 300 | @a牛津通识读本 | |
| 312 | @a书名原文:Haidegger:a very short introduction | |
| 330 | @a本书作者主要围绕海德格尔的代表作《存在与时间》中所论及的在世存在、非本真性、负罪、天命、真理等主题进行阐释,让这位哲人走出固有的语言和风格,与别样的思路连接。 | |
| 510 | 1 | @aHaidegger:a very short introduction@zeng |
| 600 | 0 | @a海德格尔@Ahai de ge er@c(Heidegger, Martin@f1889-1976)@x哲学思想@x研究@j中文@j英文 |
| 690 | @aB516.54@v5 | |
| 701 | 0 | @c(英)@a英伍德@9ying wu de@c(Inwood, Michael)@4著 |
| 702 | 0 | @a刘华文@9liu hua wen@f(1968~)@4译 |
| 801 | 0 | @aCN@bTANGWEI@c20170308 |
| 905 | @b0961592-4@dB516.54@e157@f3 | |
| 海德格尔/(英)迈克尔·英伍德著/刘华文译.-南京:译林出版社,2013 |
| 159,141页:图;22cm |
| 牛津通识读本 |
| ISBN 978-7-5447-2978-9:CNY25.00 |
| 本书作者主要围绕海德格尔的代表作《存在与时间》中所论及的在世存在、非本真性、负罪、天命、真理等主题进行阐释,让这位哲人走出固有的语言和风格,与别样的思路连接。 |
| ● |
| 相关链接 |
|
|
|
|
正题名:海德格尔
索取号:B516.54/157
 
预约/预借
| 序号 | 登录号 | 条形码 | 馆藏地/架位号 | 状态 | 备注 |
| 1 | 0961592 | 209615923 | 第一样本阅览室/ [索取号:B516.54/157] | 在馆 | |
| 2 | 0961593 | 209615932 | 第一借阅区/ [索取号:B516.54/157] | 在馆 | |
| 3 | 0961594 | 209615941 | 第一借阅区/ [索取号:B516.54/157] | 在馆 |